| 000 | 00419nam a22001217a 4500 | ||
|---|---|---|---|
| 082 |
_a333.7932 _bBAT _cD |
||
| 245 |
_aBulk electricity pricing in restructured markets lessons of developing countries from eight case studies _cBates, Robin W. |
||
| 260 |
_aWashington _bThe world bank _c1997 |
||
| 300 |
_avii, 10 p. : _bill, ; _c24 cm. |
||
| 526 |
_a0 _b0 _c0 _d333_793200000000000_BAT |
||
| 650 |
_aD _96527 |
||
| 942 |
_2ddc _cBK |
||
| 999 |
_c541955 _d541955 |
||